00414nam a22001457a 4500008004100000040001800041041000800059245004100067260004200108300001800150500006200168650000900230650001200239650001700251130821s1956 it gr ita  aCo-BoUCMbspa00aita00aLasettimana santabad uso dei fedeli aRoma (Italia)bEdizione Paolinec1956 a254 páginas aEste libro se encuentra en el depósito de la biblioteca04aMisa04aMisales04aSemana Santa